000 00764nam a2200205 i 4500
001 167226
003 ES-MaACL
005 20250717140812.0
008 030314s1889 sp a |||| | spa d
040 _aCCPB | B
_bspa
_cCCPB | B
100 1 _aVerdes Montenegro, José,
_d1866-1942
_9114026
245 1 0 _aNuestros hombres de ciencia /
_cJosé Verdes Montenegro ; ilustraciones Muriedas ; fotograbados Laporta.
260 _aMadrid :
_b[s.n.],
_c1889 (
_fEst. Tip. de Lucas Polo)
300 _a135 p. :
_bil. ;
_c19 cm.
650 4 _aCientíficos-
_zEspaña.
_9149347
700 1 _aMuriedas.
_9130291
700 1 _aLaporta, Francisco,
_d1850-1914
_9152865
852 _aES-MaACL
_jG-10093
_z-- Enc. tela
_z.- Legado Calderón
999 _c167226
_d167226